¡Pruebas humanas!!! (Record no. 158130)

MARC details
000 -LEADER
campo de control de longitud fija 00930nam a22001815i 4500
001 - NÚMERO DE CONTROL
campo de control 158130
003 - IDENTIFICADOR DE NÚMERO DE CONTROL
campo de control ES-MaACL
005 - FECHA Y HORA DE LA ÚLTIMA TRANSACCIÓN
campo de control 20230906211028.0
008 - DATOS DE LONGITUD FIJA--INFORMACIÓN GENERAL
campo de control de longitud fija 020228s1861 sp |||| | spa d
040 ## - FUENTE DE CATALOGACIÓN
Centro catalogador/agencia de origen CAM
Lengua de catalogación spa
Centro/agencia transcriptor CAM
100 1# - ENTRADA PRINCIPAL--NOMBRE DE PERSONA
Nombre de persona Losada, Juan Miguel de.
9 (RLIN) 129088
245 11 - MENCIÓN DEL TÍTULO
Título ¡Pruebas humanas!!!
Resto del título : drama en tres actos y en verso /
Mención de responsabilidad, etc. original de Juan Miguel de Losada.
260 ## - PUBLICACIÓN, DISTRIBUCIÓN, ETC.
Lugar de publicación, distribución, etc. Madrid :
Nombre del editor, distribuidor, etc. [s.n.],
Fecha de publicación, distribución, etc. 1861 (
Fabricante Imprenta de José Rodríguez)
300 ## - DESCRIPCIÓN FÍSICA
Extensión 85 p. ;
Dimensiones 19 cm.
500 ## - NOTA GENERAL
Nota general En port.: Representado por primera vez en el teatro de Novedades, de esta córte, en 6 de abril de 1861.
596 ## - NOTA AL PIE DE IMPRENTA
NOTA AL PIE DE IMPRENTA Al v. de port. consta : "... Alonso Gullon, editor de la coleccion de obras dramáticas y líricas titulada El Teatro..."
852 ## - LOCALIZACIÓN
Ubicación ES-MaACL
Número de control de estantería F-8579(7)
Nota libre -- Enc. pasta española
condición física -- Falto de la cub. original
Nota libre -- Enc. en un vol. facticio formando parte de la col. faciticia "Teatro español moderno", vol. 32
Holdings
Estatus retirado Estado de pérdida Estado de daño No para préstamo Colección Biblioteca de origen Biblioteca actual Ubicación en estantería Fecha de adquisición Total de préstamos Signatura topográfica completa Código de barras Visto por última vez Precio de reemplazo Tipo de ítem Koha
        Libros del s. XIX Biblioteca del Ateneo de Madrid Biblioteca del Ateneo de Madrid Sala Pecera Planta 2 17/01/2008   F-8579(7) 1165498 23/02/2023 23/02/2023 Libro impreso antiguo